Countries Qualified for the 2026 FIFA world cup - Statistics

General Stats
  • This quiz has been taken 65 times
    6 since last reset
  • The average score is 44 of 48
Answer Stats
How They Qualified Country % Correct
CAF Algeria
100%
CONMEBOL Argentina
100%
AFC Australia
100%
UEFA Austria
100%
UEFA Belgium
100%
UEFA Bosnia and Herzegovina
100%
CONMEBOL Brazil
100%
Host Country Canada
100%
CONMEBOL Colombia
100%
UEFA Czech Republic
100%
CONMEBOL Ecuador
100%
CAF Egypt
100%
UEFA Germany
100%
CAF Ghana
100%
AFC Iran
100%
CAF Ivory Coast
100%
AFC Japan
100%
Host Country Mexico
100%
CAF Morocco
100%
UEFA Netherlands
100%
OFC New Zealand
100%
UEFA Norway
100%
CONMEBOL Paraguay
100%
UEFA Portugal
100%
AFC Qatar
100%
AFC Saudi Arabia
100%
UEFA Scotland
100%
CAF Senegal
100%
CAF South Africa
100%
AFC South Korea
100%
UEFA Spain
100%
UEFA Sweden
100%
UEFA Switzerland
100%
UEFA Turkey
100%
Host Country United States
100%
CONMEBOL Uruguay
100%
UEFA Croatia
80%
Play-Offs Democratic Republic of the Congo
80%
UEFA France
80%
UEFA England
80%
Play-Offs Iraq
80%
CAF Tunisia
80%
CAF Cape Verde
60%
CONCACAF Curacao
60%
CONCACAF Haiti
60%
CONCACAF Panama
60%
AFC Uzbekistan
60%
AFC Jordan
40%
No matching quizzes found
Score Distribution
Percent of People with Each Score
Percentile by Number Answered
Your Score History
You have not taken this quiz since the last reset